Online Catalogue and eLibrary

Ganthera theraniya (Record no. 5351)

MARC details
000 -LEADER
fixed length control field 00362nam a2200157Ia 4500
005 - DATE AND TIME OF LATEST TRANSACTION
control field 20250411062744.0
008 - FIXED-LENGTH DATA ELEMENTS--GENERAL INFORMATION
fixed length control field 240331s9999 xx 000 0 und d
020 ## - INTERNATIONAL STANDARD BOOK NUMBER
ISBN 9552090385
082 ## - DDC Classification
Item Number - Author Mark NAN
Class No. 891
100 ## - MAIN ENTRY--PERSONAL NAME
Personal name Nandamithra,N
245 #0 - TITLE STATEMENT
Title Ganthera theraniya
260 ## - PUBLICATION, DISTRIBUTION, ETC.
Place of publication, distribution, etc. Colombo
Name of publisher, distributor, etc. Godake & Sons
Date of publication, distribution, etc. 2006
300 ## - PHYSICAL DESCRIPTION
Extent (e.g. Volumes, Pages etc.) 144 p .,
650 ## - SUBJECT ADDED ENTRY--TOPICAL TERM
Topical term or geographic name entry element Novel
942 ## - Koha item type (Biblio)
Koha item type Books in Stacks (Lending)
Holdings
Lost status Damaged status Collection code Home library Current library Shelving location Date acquired Full call number Accession Number Item type
    Lending WERC Library WERC Library Social Science Cupboard 03/31/2024 891.48 NAN 5990 Books in Stacks (Lending)

© WERC Library